| 000 | 00500 a2200157 4500 | ||
|---|---|---|---|
| 999 |
_c9717 _d9717 |
||
| 050 | _aKTL19.A35SOU1981 | ||
| 245 |
_aSouth African Law Reports: _b1981 (4) October / _cedited by Barnett M [et ...al] |
||
| 264 |
_aCape Town: _bJuta and CO,LTD, _c1981 |
||
| 300 | _a254p. : | ||
| 500 | _aincludes table of cases | ||
| 650 | _alaw report | ||
| 700 |
_aBuchanan J L _eeditor |
||
| 700 |
_aFisher D S _eeditor |
||
| 700 |
_aAckermann I _eeditor |
||
| 942 |
_2lcc _cSERIALS _hKTL19.A35 _iSOU _kKTZ |
||